000 00780nam a2200193Ia 4500
008 0000001987 sp a 0000000000spa00
090 _aPSP00 C78c
100 1 _aCruceta, Iñaki
245 1 0 _aCruceta
_b: receptivo y sus cambios
300 _a[8] p.
_c/ 28 cm.
500 _aExposición realizada en la Sala de Exposiciónones de la Caja de Guipozcoa, San Sebastián, Noviembre 21 Diciembre 13, 1987 \ Con el patronazgo del maestro venezolano Jesús Rafael Soto (q.e.p.d.) \
600 0 0 _aCRUCETA, IñAKI./
_xTRABAJOS PICTORICOS
650 1 4 _aARTE CONTEMPORANEO ESPAÑOL
650 1 4 _xCATALOGOS
650 1 4 _xEXPOSICIONES
650 1 4 _aPINTORES ESPAÑOLES
650 1 4 _aPINTURA ESPAÑOLA
999 _c6592
_d6592
260 _aSan Sebastián (España) : Gipuzkoako Kutxa
_c1987